000 00313 a2200121 4500
001 147088
040 _cEscola São Tomás de Aquino
100 _aMANUEL FILHO
240 1 0 _aTinha que ser comigo?
_lpor
245 1 0 _aTinha que ser comigo?
697 _aProblemas de disciplina. Violência estudantil
942 _cBK
999 _c147088
_d147088